000 01269nam0a22003011 4500
001 v19\rc\1687679
005 20061002152354.1
035 _a(NLR Aleph) 004792237
090 _a4741399
_c4741399
100 _a20061002e18961896|||y0rusy50 ca
101 0 _arus
102 _aRU
105 _ay z |||||
200 1 _aО крезоле при брюшном тифе
_eСообщ. на общ. собр. врачей Обухов. больницы 17 февр. 1895 г.
_f[Соч.] Д-ра В.Д. Посажного
_g(Из Обухов. муж. больницы)
210 _a[Санкт-Петербург]
_cтип. М.М. Стасюлевича
_dценз. 1896
215 _a9 с.
_d23
309 _aБез тит. л. и обл.
311 _aОтд. отт. из "Больнич. газ. Боткина" за 1896, №№ 27, 28
320 _aБиблиогр. в конце текста
488 0 _12001#$aБольничная газета Боткина$v1896, №№ 27, 28
700 1 _aПосажный
_bВ. Д.
_f1848-1913
_gВасилий Данилович
801 0 _aRU
_bNLR
_gpsbo
801 0 _aRU
_bRuMoRGB
_2psbo
801 1 _aRU
_bProSoft-M
_2rusmarc
852 _aNLR
_j18.152.1.221
899 _aRuMoRGB
_jA 245/177
942 _cBOOK
980 _aNB